| 000 | 00959nam a22002657a 4500 | ||
|---|---|---|---|
| 003 | OSt | ||
| 005 | 20181129072605.0 | ||
| 008 | 180220b xxu||||| |||| 00| 0 spa d | ||
| 020 | _a9501404676 | ||
| 040 | _cPJ | ||
| 100 |
_93308 _aFornaciari, Mario Alberto |
||
| 245 | 1 | 0 |
_aModos anormales de terminación del proceso : _btomo II / _cMario Alberto Fornaciari. |
| 260 |
_aBuenos Aires : _bDepalma, _c1988. |
||
| 300 |
_a168 p. _c23 cm. |
||
| 490 |
_aAnálisis Teórico Práctico del Derecho Procesal Civil _vII |
||
| 500 | _aNotas y citas a pie de página. | ||
| 504 | _aBibliografía: p. 259-263. | ||
| 505 | _aContenido: Transacción -- Conciliación -- Reconciliación -- Confusión -- Compromiso arbitral. | ||
| 650 | 0 |
_aDERECHO PROCESAL _9267 |
|
| 650 | 0 |
_aTERMINACION DEL PROCESO _91934 |
|
| 650 | 0 |
_aCONCILIACIÓN _93310 |
|
| 650 | 0 |
_aTRANSACCIÓN _93311 |
|
| 650 | 0 |
_aCOMPROMISO ARBITRAL _93312 |
|
| 942 |
_2udc _cLIB _h347.933 _iFOR |
||
| 999 |
_c2109 _d2109 |
||